000 01036nam a22002777a 4500
005 20210325180015.0
008 s2541 th tha d
020 _a9747215128
041 _atha
050 _aJA76.C57 ช451ป 2541
100 0 _aชัยอนันต์ สมุทวณิช
245 1 0 _aประชารัฐกับการเปลี่ยนแปลง
260 3 _aกรุงเทพฯ :
_bพี.เพรส,
_c2541
300 _a206 หน้า :
_b ภาพประกอบ, ตาราง ;
_c 21 ซม.
650 0 4 _aGovernance
650 0 4 _aการเปลี่ยนแปลงทางสังคม
650 0 4 _aประชารัฐ
650 0 4 _aประชารัฐกิจ
650 0 4 _aประชาสังคม
650 0 4 _aรัฐภูมิภาค
650 0 4 _aสังคมกับการเมือง
850 _aNALT
942 _cGB
_01
997 _c000000000008239
998 _aBENJALUCK SUTTHIWILAI
999 _c8239
_d8239